Guess the Quickly Drawn Countries #1 - Statistics

General Stats
  • This quiz has been taken 1,466 times
  • The average score is 12 of 16
Answer Stats
Picture Answer % Correct
United Kingdom
99%
United States of America
99%
Chile
95%
Japan
95%
New Zealand
91%
Cuba
86%
Spain
83%
Brazil
80%
Haiti
78%
Yemen
70%
Peru
69%
Belgium
63%
Bangladesh
61%
Mozambique
61%
Kazakhstan
53%
Burkina Faso
49%
No matching quizzes found
Score Distribution
Percent of People with Each Score
Percentile by Number Answered
Your Score History
You have not taken this quiz